Personen auf Bildern mit Angela Merkel - Statistiken

Allgemein
  • Dieses Quiz wurde 251 mal gespielt
  • Das Durchschnittsergebnis liegt bei 12 aus 16
Antwortstatistiken
Bildquiz Antwort % Korrekt
Barack Obama
100%
Elizabeth II
100%
Ursula von der Leyen
94%
Annalena Baerbock
92%
Papst Franziskus
92%
Helmut Kohl
90%
Philipp Lahm
86%
Recep Tayyip Erdoğan
84%
Vitali Klitschko
84%
Helmut Schmidt
78%
Bill Gates
75%
Olivia Jones
61%
Alice Schwarzer
53%
Joachim Sauer
42%
Königin Silvia
39%
Lothar de Maizière
18%
Keine übereinstimmenden Quizze gefunden
Verteilung der Resultate
Anzahl Personen mit jedem Resultat
Perzentil nach korrekt beantworteten Fragen
Ihre Resultats-Entwicklung
Sie haben dieses Quiz noch nicht gespielt